000 00215 a2200097 4500
001 26657
100 _aGreenhouse, H
245 _aThe book of psychic knowledge
260 _a
_bSignet book
_c
090 _c17950
_d17950
942 _aNUST-CAE
_cM
_c8836
999 _c261730
_d261730